[Event "37th Belgrade Trophy 2024"]
[Site "Belgrade"]
[Date "2024.11.23"]
[Round "8"]
[White "Javadov, Habil"]
[Black "Vasilyev, Bulat"]
[Result "1-0"]
[WhiteElo "2190"]
[BlackElo "1824"]
[Annotator "RC"]
[PlyCount "75"]
[EventDate "2024.11.23"]
[EventCountry "SRB"]
[SourceTitle "playchess.com"]
[Source "ChessBase"]
[SourceQuality "1"]

1. d4 d5 2. c4 e6 3. Nc3 Nf6 4. cxd5 exd5 5. Bg5 c6 6. e3 h6 7. Bh4 Be7 8. Bd3 Ne4 9. Bxe7 Qxe7 10. Nge2 O-O 11. Qc2 f5 12. O-O Nd7 13. Rae1 Ndf6 14. f3 Nd6 15. Ng3 Qd7 16. Na4 g6 17. Nc5 Qd8 18. e4 dxe4 19. fxe4 fxe4 20. Ncxe4 Ndxe4 21. Bxe4 Qxd4+ 22. Kh1 Nxe4 23. Rxf8+ Kxf8 24. Rxe4 Qf6 25. Qd2 Kg7 26. Re8 Kf7 27. Rd8 h5 28. h3 b6 29. Ne4 Qf1+ 30. Kh2 Bxh3 31. Rxa8 Bg4 32. Ng5+ Kg7 33. Rxa7+ Kg8 34. Qd8+ Qf8 35. Qc7 Bd7 36. Qxd7 Qf4+ 37. Kh3 Qe3+ 38. Nf3 1-0

[Event "37th Belgrade Trophy 2024"]
[Site "Belgrade"]
[Date "2024.11.23"]
[Round "8"]
[White "Dorokhina, Elizaveta"]
[Black "Divljan, Igor"]
[Result "0-1"]
[WhiteElo "2064"]
[BlackElo "2221"]
[Annotator "RC"]
[PlyCount "129"]
[EventDate "2024.11.23"]
[EventCountry "SRB"]
[SourceTitle "playchess.com"]
[Source "ChessBase"]
[SourceQuality "1"]

1. d4 g6 2. Nf3 Bg7 3. Bf4 Nf6 4. e3 d6 5. h3 O-O 6. Be2 Nfd7 7. O-O e5 8. Bh2 Nc6 9. Nc3 f5 10. Nd5 g5 11. c3 e4 12. Nxg5 Qxg5 13. Nxc7 Rb8 14. Ne6 Qf6 15. Nxf8 Nxf8 16. Qb3+ Be6 17. d5 Bf7 18. Qa3 Ne5 19. Qxa7 Qd8 20. Qa3 Nfg6 21. Qb4 Bf8 22. c4 Qg5 23. Kh1 Be7 24. Qb6 Kh8 25. c5 Rg8 26. cxd6 Bf6 27. Rg1 f4 28. Rad1 f3 29. gxf3 Qh5 30. d7 Nxd7 31. Qd6 Qxh3 32. Rg3 Qf5 33. fxe4 Qxe4+ 34. Bf3 Qe8 35. Bg4 Nge5 36. Bxd7 Nxd7 37. Rxg8+ Bxg8 38. Qf4 Qh5 39. Qa4 Qf3+ 40. Kg1 Bxd5 41. Kf1 Qh1+ 42. Bg1 Qh2 43. Ke1 b5 44. Qxb5 Qg2 45. Qxd5 Qxd5 46. Kf1 Qc6 47. b3 Be7 48. Rxd7 Qxd7 49. Kg2 Ba3 50. Bh2 Qb5 51. Bc7 Kg7 52. f4 Kf6 53. Kf3 h5 54. e4 Ke7 55. Ba5 Bc5 56. b4 Qxb4 57. Bxb4 Bxb4 58. Ke3 Bd6 59. Kd4 Kd7 60. Ke3 Ke6 61. Kd4 Kd7 62. a4 Kc6 63. a5 Kc7 64. a6 Bc5+ 65. Kxc5 0-1

[Event "37th Belgrade Trophy 2024"]
[Site "Belgrade"]
[Date "2024.11.23"]
[Round "8"]
[White "Kostic, Vladimir V"]
[Black "Darmaeva, Nomina"]
[Result "1-0"]
[WhiteElo "2006"]
[BlackElo "1936"]
[Annotator "RC"]
[PlyCount "113"]
[EventDate "2024.11.23"]
[EventCountry "SRB"]
[SourceTitle "playchess.com"]
[Source "ChessBase"]
[SourceQuality "1"]

1. c4 e5 2. g3 Nf6 3. Bg2 c6 4. d4 e4 5. d5 Bb4+ 6. Bd2 Bc5 7. b4 Bxf2+ 8. Kxf2 Ng4+ 9. Ke1 Qf6 10. Nh3 Qxa1 11. Qc2 Qd4 12. Bxe4 d6 13. Bc3 Ne3 14. Bxd4 Nxc2+ 15. Bxc2 Bxh3 16. dxc6 Nxc6 17. Bxg7 Rg8 18. Bc3 f5 19. Kf2 O-O-O 20. Rd1 Kc7 21. Rd5 Rde8 22. Nd2 Ne7 23. Rd4 Bg4 24. Nf3 Rg6 25. h3 Bxh3 26. Rh4 Bg4 27. Rxh7 Kb8 28. Ba4 Nc6 29. b5 Bxf3 30. exf3 Ne5 31. b6 Rd8 32. bxa7+ Kxa7 33. Bd4+ Kb8 34. Bc2 Nxc4 35. Bxf5 Rg5 36. Bf6 Rxf5 37. Bxd8 Ne5 38. f4 Kc8 39. Be7 Nf7 40. Kf3 Ne5+ 41. Ke4 Rf7 42. Rxf7 Nxf7 43. Kd5 Nh6 44. Ke6 d5 45. Bc5 Kd8 46. Kxd5 Ke8 47. Ke6 b5 48. f5 Nf7 49. Be3 Kf8 50. g4 Kg7 51. g5 Nd8+ 52. Kd7 Nf7 53. Bd4+ Kf8 54. g6 Ng5 55. f6 Ne4 56. a3 Ng5 57. Kc6 1-0

[Event "37th Belgrade Trophy 2024"]
[Site "Belgrade"]
[Date "2024.11.23"]
[Round "8"]
[White "Stosic, Slobodan"]
[Black "Petkovic, Vladimir"]
[Result "1/2-1/2"]
[WhiteElo "1984"]
[BlackElo "1923"]
[Annotator "NA RC"]
[PlyCount "99"]
[EventDate "2024.11.23"]
[EventCountry "SRB"]
[SourceTitle "playchess.com"]
[Source "ChessBase"]
[SourceQuality "1"]

1. d4 d5 2. c4 Nc6 3. Nc3 Nf6 4. Nf3 Bg4 5. Ne5 e6 6. Bg5 Nxe5 7. dxe5 h6 8. Bh4 d4 9. Qa4+ c6 10. Ne4 Qb6 11. exf6 Qxb2 12. Rd1 Bf5 13. fxg7 Bb4+ 14. Nd2 Rg8 15. Qb3 Qc3 16. e4 Bxe4 17. Qxc3 dxc3 18. Nxe4 c2+ 19. Ke2 cxd1=Q+ 20. Kxd1 Rxg7 21. Bf6 Rg6 22. h4 Be7 23. Bxe7 Kxe7 24. h5 Rd8+ 25. Kc2 Rgg8 26. Rh3 Rd4 27. Re3 b6 28. g3 f5 29. Nd2 f4 30. Re4 Rxe4 31. Nxe4 fxg3 32. fxg3 Rf8 33. Be2 e5 34. Kd2 Rd8+ 35. Ke3 Ke6 36. g4 Rg8 37. a4 a6 38. Ng3 b5 39. cxb5 cxb5 40. axb5 axb5 41. Nf5 Rh8 42. Bxb5 Kf6 43. Be2 Kg5 44. Ke4 Ra8 45. Bf3 Ra5 46. Ne3 Ra4+ 47. Kxe5 Ra3 48. Ke4 Ra4+ 49. Ke5 Ra3 50. Ke4 1/2-1/2

[Event "37th Belgrade Trophy 2024"]
[Site "Belgrade"]
[Date "2024.11.23"]
[Round "8"]
[White "Zhambalov, Bator"]
[Black "Komissarova, Soigina"]
[Result "1/2-1/2"]
[WhiteElo "1984"]
[BlackElo "1916"]
[Annotator "NA"]
[PlyCount "38"]
[EventDate "2024.11.23"]
[EventCountry "SRB"]
[SourceTitle "playchess.com"]
[Source "ChessBase"]
[SourceQuality "1"]

1. e4 c5 2. Nf3 Nc6 3. d4 cxd4 4. Nxd4 Nf6 5. Nc3 e5 6. Ndb5 d6 7. Nd5 Nxd5 8. exd5 Nb8 9. a4 Be7 10. Be2 O-O 11. O-O a6 12. Na3 Bf5 13. Nc4 Nd7 14. a5 Bg6 15. c3 f5 16. f4 Rc8 17. fxe5 Nxe5 18. Nb6 Rc7 19. Be3 Bg5 1/2-1/2

[Event "37th Belgrade Trophy 2024"]
[Site "Belgrade"]
[Date "2024.11.23"]
[Round "8"]
[White "Liu, Haoling"]
[Black "Leftheriotis, Alexandros"]
[Result "0-1"]
[WhiteElo "1942"]
[BlackElo "2165"]
[Annotator "RC"]
[PlyCount "98"]
[EventDate "2024.11.23"]
[EventCountry "SRB"]
[SourceTitle "playchess.com"]
[Source "ChessBase"]
[SourceQuality "1"]

1. d4 Nf6 2. c4 g6 3. Nc3 Bg7 4. e4 d6 5. f3 O-O 6. Be3 a6 7. Qd2 Nbd7 8. Nh3 c5 9. d5 Ne5 10. Nf2 e6 11. a4 exd5 12. cxd5 Bd7 13. Be2 b5 14. O-O Rb8 15. axb5 axb5 16. f4 Neg4 17. Bxg4 Nxg4 18. Nxg4 Bxg4 19. f5 b4 20. Na4 Re8 21. Rf4 gxf5 22. h3 Bh5 23. exf5 Qe7 24. Kf2 f6 25. g4 Bf7 26. Rd1 Qd7 27. b3 Re5 28. Qc2 Bxd5 29. h4 Qe7 30. Nb2 Re8 31. Rxd5 Rxd5 32. Nc4 Kh8 33. Kf3 Qf7 34. Re4 h5 35. Rxe8+ Qxe8 36. g5 Qd7 37. Kf4 fxg5+ 38. hxg5 Bd4 39. g6 Bxe3+ 40. Nxe3 Rd4+ 41. Kf3 Qb7+ 42. Kf2 Qe4 43. Qe2 Qh4+ 44. Kg2 Rg4+ 45. Nxg4 Qxg4+ 46. Qxg4 hxg4 47. f6 c4 48. bxc4 b3 49. g7+ Kg8 0-1

[Event "37th Belgrade Trophy 2024"]
[Site "Belgrade"]
[Date "2024.11.23"]
[Round "8"]
[White "Zhdanov, Petr"]
[Black "Simbelov, Roman T."]
[Result "0-1"]
[WhiteElo "1917"]
[BlackElo "2196"]
[Annotator "RC"]
[PlyCount "162"]
[EventDate "2024.11.23"]
[EventCountry "SRB"]
[SourceTitle "playchess.com"]
[Source "ChessBase"]
[SourceQuality "1"]
[TimeControl "40/5400+30:900+30"]

1. e4 e5 2. Nf3 Nc6 3. Bc4 Nf6 4. Ng5 d5 5. exd5 Na5 6. Bb5+ c6 7. dxc6 bxc6 8. Bd3 Nd5 9. Nf3 Bd6 10. O-O O-O 11. Re1 Re8 12. Nc3 f5 13. Nxd5 cxd5 14. Bf1 e4 15. Nd4 Qh4 16. g3 Qf6 17. c3 f4 18. d3 e3 19. Qf3 Bg4 20. Qxd5+ Kh8 21. Bxe3 fxe3 22. Rxe3 Rf8 23. f3 Bc7 24. b4 Rad8 25. Qe4 Bd7 26. bxa5 Rde8 27. Qb7 Rxe3 28. Qxc7 Bf5 29. Kf2 Re5 30. Rb1 Bg6 31. Rb8 Rxb8 32. Qxb8+ Re8 33. Qxa7 Qg5 34. f4 Qd5 35. c4 Qh1 36. Nf3 Bh5 37. Qb7 Bxf3 38. Qxf3 Qxh2+ 39. Bg2 Rb8 40. Qe2 Qh6 41. Qe5 Rd8 42. c5 Qa6 43. c6 Qxd3 44. c7 Qc2+ 45. Kg1 Rc8 46. a6 Qb1+ 47. Bf1 Qxa2 48. Qd6 Qa5 49. Bg2 Qxc7 50. Qxc7 Rxc7 51. Bb7 Rc1+ 52. Kf2 Ra1 53. Ke3 Ra4 54. Kd3 Kg8 55. Kc3 Kf7 56. Kb3 Ra1 57. Kb4 Ke6 58. Kc5 Kd7 59. Kb6 Rb1+ 60. Kc5 Kc7 61. Be4 Ra1 62. Bxh7 Rxa6 63. Kd5 Kd7 64. Ke5 Ke7 65. Kf5 Ra5+ 66. Ke4 Kf6 67. Kf3 g5 68. fxg5+ Kxg5 69. Be4 Ra3+ 70. Kf2 Kg4 71. Bc6 Rxg3 72. Ke2 Kf4 73. Bb7 Ke5 74. Ba8 Kd4 75. Bb7 Re3+ 76. Kd2 Rb3 77. Ba8 Rb2+ 78. Kc1 Kc3 79. Bd5 Rb5 80. Bf3 Rf5 81. Be2 Rg5 0-1

[Event "37th Belgrade Trophy 2024"]
[Site "Belgrade"]
[Date "2024.11.23"]
[Round "8"]
[White "Fisher, Timofey"]
[Black "Milicevic, Aleksa"]
[Result "1-0"]
[WhiteElo "1894"]
[BlackElo "1982"]
[Annotator "NA"]
[PlyCount "57"]
[EventDate "2024.11.23"]
[EventCountry "SRB"]
[SourceTitle "playchess.com"]
[Source "ChessBase"]
[SourceQuality "1"]

1. e4 d6 2. d4 Nf6 3. Nc3 g6 4. Nf3 Bg7 5. Be3 a6 6. Qd2 b5 7. Bd3 Bb7 8. Bh6 O-O 9. h4 e5 10. dxe5 dxe5 11. a3 Qe7 12. Bg5 Nbd7 13. h5 Rfe8 14. hxg6 fxg6 15. O-O c6 16. Rad1 Rad8 17. Qe3 Bc8 18. Qa7 h6 19. Be3 Kh7 20. Be2 Bf8 21. b4 Kg7 22. Nd2 c5 23. bxc5 Nxc5 24. Bxc5 Rd7 25. Bxe7 Rxa7 26. Bxf8+ Kxf8 27. Nd5 Kg7 28. c4 bxc4 29. Nxf6 1-0

[Event "37th Belgrade Trophy 2024"]
[Site "Belgrade"]
[Date "2024.11.23"]
[Round "8"]
[White "Liang, Junzhe"]
[Black "Popovic, Dragan B"]
[Result "0-1"]
[WhiteElo "1778"]
[BlackElo "2185"]
[Annotator "RC"]
[PlyCount "100"]
[EventDate "2024.11.23"]
[EventCountry "SRB"]
[SourceTitle "playchess.com"]
[Source "ChessBase"]
[SourceQuality "1"]

1. d4 Nf6 2. Nf3 d5 3. e3 c5 4. b3 cxd4 5. exd4 g6 6. Bd3 Bg7 7. Nbd2 Nc6 8. Bb2 O-O 9. a3 Nh5 10. O-O Nf4 11. Bb5 Qb6 12. Bxc6 bxc6 13. Re1 Re8 14. b4 a5 15. Bc3 a4 16. h3 f6 17. Nf1 g5 18. Bd2 Ng6 19. Rc1 g4 20. hxg4 Bxg4 21. N1h2 Bf5 22. Be3 Qb7 23. c4 e5 24. cxd5 cxd5 25. dxe5 fxe5 26. Rc5 Red8 27. Bg5 Rd7 28. Nh4 Nxh4 29. Bxh4 e4 30. Qd2 Rf8 31. Rec1 d4 32. Bg3 e3 33. Qa2+ Kh8 34. Rc7 Rxc7 35. Rxc7 Qe4 36. Nf3 e2 37. Qa1 Re8 38. Ne1 Qb1 39. Qxb1 Bxb1 40. Bf4 Be5 41. Bxe5+ Rxe5 42. Rd7 d3 43. f4 Re4 44. g3 Rc4 45. b5 Rc1 46. Kf2 Rd1 47. Re7 d2 48. Rxe2 Bd3 49. Re8+ Kg7 50. b6 Ba6 0-1

[Event "37th Belgrade Trophy 2024"]
[Site "Belgrade"]
[Date "2024.11.23"]
[Round "8"]
[White "Khaleev, Timofey D"]
[Black "Xie, Jiaxiang"]
[Result "0-1"]
[WhiteElo "1743"]
[BlackElo "1949"]
[Annotator "NA"]
[PlyCount "92"]
[EventDate "2024.11.23"]
[EventCountry "SRB"]
[SourceTitle "playchess.com"]
[Source "ChessBase"]
[SourceQuality "1"]

1. e4 c5 2. Nf3 e6 3. d4 cxd4 4. Nxd4 Nc6 5. Nc3 Qc7 6. a3 a6 7. Be2 Nf6 8. O-O Nxd4 9. Qxd4 Bd6 10. Kh1 Be5 11. Qd3 b5 12. f4 Bxc3 13. bxc3 Bb7 14. e5 Ne4 15. c4 bxc4 16. Qxc4 Qb6 17. Bf3 Nf2+ 18. Rxf2 Qxf2 19. Be3 Qxe3 20. Bxb7 Rb8 21. Bxa6 O-O 22. a4 Rb2 23. Rf1 Qd2 24. Qd3 Qxc2 25. Qxc2 Rxc2 26. Ra1 Ra8 27. Bb5 Rd2 28. Rc1 h6 29. Kg1 g5 30. Rc4 Kg7 31. fxg5 hxg5 32. Rg4 Kh6 33. h4 gxh4 34. Rxh4+ Kg5 35. Rh7 Kg6 36. Rh3 Kf5 37. Rf3+ Kxe5 38. Rxf7 d5 39. Rg7 Ra2 40. Rg5+ Kf4 41. Rg6 e5 42. Rf6+ Ke4 43. Rf2 Rxf2 44. Kxf2 Kd4 45. Bc6 Ra6 46. Bb5 Ra7 0-1

[Event "37th Belgrade Trophy 2024"]
[Site "Belgrade"]
[Date "2024.11.30"]
[Round "8.2"]
[White "Shchekachev, Andrei"]
[Black "Baghdasaryan, Davit"]
[Result "1/2-1/2"]
[WhiteElo "2448"]
[BlackElo "2121"]
[Annotator "TA"]
[PlyCount "70"]
[EventDate "2024.11.23"]
[EventCountry "SRB"]
[SourceTitle "playchess.com"]
[Source "ChessBase"]
[SourceQuality "1"]
[TimeControl "40/5400+30:900+30"]

{[%evp 14,70,21,23,10,0,0,0,0,0,-12,-48,10,8,48,47,56,51,58,50,46,43,30,22,20,0,24,0,0,0,0,0,7,7,0,0,0,0,0,0,0,0,0,0,0,0,0,0,0,0,0,0,0,-6,0,0,0,0,0]} 1. Nf3 {[%emt 0:00:09]} c5 {[%emt 0:00:32]} 2. c4 {[%emt 0:00:19]} Nc6 {[%emt 0:00:11]} 3. d4 {[%emt 0:00:45]} cxd4 {[%emt 0:00:33]} 4. Nxd4 {[%emt 0:00:10]} Nf6 {[%emt 0:00:26]} 5. Nc3 {[%emt 0:00:22]} e6 {[%emt 0:00:11]} 6. g3 {[%emt 0:00:48]} Qb6 {[%emt 0:02:31]} 7. Ndb5 {[%emt 0:00:32]} Ne5 {[%emt 0:04:07]} 8. Bg2 $1 {[%emt 0:00:28]} a6 {[%emt 0:00:50]} 9. Na4 {[%emt 0:00:25]} Qa5+ {[%emt 0:15:17]} 10. Nbc3 {[%emt 0:00:54]} Nxc4 {[%emt 0:08:04] Threatening ...d5.} 11. O-O {[%emt 0:00:30]} d5 {[%emt 0:02:51]} 12. b3 {[%emt 0:07:41] Repels b5} Ne5 {[%emt 0:03:59]} ({Better is} 12... Nd6 $1 $15) 13. e4 $11 {[%emt 0:25:35]} Bb4 {[%emt 0:08:24]} 14. Bb2 {[%emt 0:07:26]} dxe4 {[%emt 0:24:47]} 15. Nxe4 {[%emt 0:02:59]} Nxe4 {[%emt 0:01:24]} 16. Bxe4 {[%emt 0:00:10] Hoping for a3.} O-O {[%emt 0:01:50]} 17. Qd4 {[%emt 0:20:32][%mdl 1024] White has compensation.} f6 {[%emt 0:00:29]} 18. a3 {[%emt 0:03:49]} Be7 {[%emt 0:00:32]} 19. Rac1 {[%emt 0:05:27]} Rb8 {[%emt 0:03:44]} 20. Qb6 {[%emt 0:02:17]} (20. Rfd1 $5) 20... Qxb6 {[%emt 0:04:51] The position is equal.} 21. Nxb6 {[%emt 0:00:02]} Nc6 {[%emt 0:00:18]} 22. b4 {[%emt 0:08:19]} e5 {[%emt 0:02:40]} 23. Rfd1 {[%emt 0:01:26]} Rd8 {[%emt 0:00:41]} ({But not} 23... Be6 $6 24. Nd7 $16) 24. Rxd8+ {[%emt 0:06:11]} Bxd8 {[%emt 0:00:05]} 25. Nxc8 {[%emt 0:00:10]} Rxc8 {[%emt 0:00:06]} 26. a4 {[%emt 0:00:58]} Rb8 {[%emt 0:02:30]} 27. Bxc6 {[%emt 0:00:42]} bxc6 {[%emt 0:00:05]} 28. Rxc6 {[%emt 0:00:05]} Rxb4 {[%emt 0:02:35]} 29. Rc8 {[%emt 0:00:10]} Rxb2 {[%emt 0:00:08]} 30. Rxd8+ {[%emt 0:00:05][%mdl 4096] Endgame. KR-KR} Kf7 {[%emt 0:00:03] [#] Threatens to win with ...Ra2.} 31. Rd7+ {[%emt 0:00:36]} Kg6 {[%emt 0:02:02]} 32. Rd6 $1 {[%emt 0:00:06]} a5 {[%emt 0:00:33] White must now prevent ...Rb4.} 33. Rd5 {[%emt 0:00:34]} Kf5 {[%emt 0:00:40]} 34. Rxa5 {[%emt 0:00:11]} Ra2 {[%emt 0:00:32]} 35. Ra7 {[%emt 0:01:32]} g5 {[%emt 0:00:10] Weighted Error Value: White=0.05 (flawless) /Black=0.07 (flawless) .  Mistake:       	---       	Black=1      Inaccurate:     	White=1     	Black=1      OK:         	White=13    	Black=14     Best:        	White=1     	Black=2      Strong:       	White=1     	---} 1/2-1/2

[Event "37th Belgrade Trophy 2024"]
[Site "Belgrade"]
[Date "2024.11.30"]
[Round "8.3"]
[White "Triantafilidis, Mihail"]
[Black "Bryakin, Mikhail"]
[Result "1/2-1/2"]
[WhiteElo "2200"]
[BlackElo "2435"]
[Annotator "TA"]
[PlyCount "73"]
[EventDate "2024.11.23"]
[EventCountry "SRB"]
[SourceTitle "playchess.com"]
[Source "ChessBase"]
[SourceQuality "1"]
[TimeControl "40/5400+30:900+30"]

{[%evp 12,73,-1,0,7,-14,14,6,17,18,55,0,0,12,18,23,16,14,32,15,31,37,33,32,37,23,26,21,18,30,34,29,41,16,14,11,11,8,9,36,31,0,81,-12,0,0,0,0,0,6,1014,839,839,37,839,0,0,0,0,0,0,0,0,0]} 1. e4 {[%emt 0:00:03]} e5 {[%emt 0:05:18]} 2. Nf3 {[%emt 0:00:16]} Nf6 {[%emt 0:00:07]} 3. d4 {[%emt 0:00:11]} Nxe4 {[%emt 0:00:20]} 4. Bd3 {[%emt 0:00:06]} d5 {[%emt 0:00:17]} 5. Nxe5 {[%emt 0:00:08]} Nd7 {[%emt 0:01:01]} 6. O-O {[%emt 0:01:12]} Nxe5 {[%emt 0:00:26]} 7. dxe5 {[%emt 0:00:08]} Nc5 {[%emt 0:00:12]} 8. Be3 {[%emt 0:00:47]} Be7 {[%emt 0:04:58]} 9. f4 {[%emt 0:01:50]} Nxd3 {[%emt 0:03:09]} 10. Qxd3 {[%emt 0:00:09]} f5 {[%emt 0:02:50]} 11. exf6 {[%emt 0:15:28]} (11. Nc3 $14) 11... Bxf6 $11 {[%emt 0:00:32][%cal Oe8g8]} 12. Bc5 {[%emt 0:05:51]} b6 {[%emt 0:07:30]} 13. Re1+ {[%emt 0:01:22]} Kf7 {[%emt 0:00:01]} 14. Bd4 {[%emt 0:00:30]} Re8 {[%emt 0:16:54]} 15. Nd2 {[%emt 0:26:25]} Bxd4+ {[%emt 0:03:28]} 16. Qxd4 {[%emt 0:00:09]} Bb7 {[%emt 0:05:53]} 17. Rxe8 {[%emt 0:05:08]} Qxe8 {[%emt 0:00:11]} 18. Nf3 {[%emt 0:00:12]} Kg8 $1 {[%emt 0:03:34] Black is weak on the dark squares} 19. Re1 {[%emt 0:00:11]} Qd7 {[%emt 0:00:46]} 20. b4 {[%emt 0:07:31]} h6 {[%emt 0:15:38]} 21. Re5 $36 {[%emt 0:12:07][%mdl 2048] White has the initiative.} Re8 {[%emt 0:07:49]} 22. Qe3 {[%emt 0:01:15]} Rxe5 {[%emt 0:00:36]} 23. Qxe5 {[%emt 0:00:12][%mdl 4096] Endgame KQB-KQN} c5 {[%emt 0:01:33] Inhibits Nd4.} 24. Qb8+ {[%emt 0:06:21]} Bc8 {[%emt 0:04:43]} 25. Ne5 {[%emt 0:02:27]} Qb7 {[%emt 0:01:07]} 26. Qd6 {[%emt 0:00:26]} (26. Qxb7 {simplifies} Bxb7 27. bxc5 bxc5 28. c3) 26... cxb4 {[%emt 0:03:25]} (26... d4 $1 $11 {remains equal.}) 27. Qxb4 {[%emt 0:01:10] White is much more active.} (27. Ng6 $1 $16 Kf7 28. Ne5+ Kg8 29. Ng6) 27... Bf5 {[%emt 0:01:09]} 28. Qd6 {[%emt 0:01:55] Prevents Qc7} Bxc2 {[%emt 0:03:32]} 29. Qe6+ {[%emt 0:00:51]} Kh7 {[%emt 0:02:41]} 30. f5 {[%emt 0:00:08] aiming for Qg6+.} Qc7 $2 {[%emt 0:01:43][%mdl 8192]} (30... Ba4 $11) 31. Qg6+ $18 {[%emt 0:06:35]} Kh8 {[%emt 0:00:39] [#]} 32. Qe8+ $1 {[%emt 0:00:06]} Kh7 {[%emt 0:00:03] [#]} 33. Nd7 $2 {[%emt 0:00:34]} (33. Ng6 $1 $18 {[%csl Gg6][%cal Re8h8]} Qc5+ 34. Kh1 Bxf5 35. Nf8+ Kh8 36. Ne6+ Kh7 37. Nxc5 bxc5 38. Qf8) 33... Ba4 $1 $11 {[%emt 0:01:29]} (33... Bxf5 $2 {is the wrong capture.} 34. Nf8+ Kh8 35. Ne6+ Kh7 36. Nxc7 $18) 34. Qg6+ {[%emt 0:01:10]} Kh8 {[%emt 0:00:45]} 35. Qe8+ {[%emt 0:01:06]} Kh7 {[%emt 0:00:01]} 36. Qg6+ {[%emt 0:01:56]} Kh8 {[%emt 0:00:07] ( -> ...Qc1+)} 37. Qe8+ {[%emt 0:00:06]} 1/2-1/2